Benchmarking in total quality management

Bibliographic Details
Corporate Author: ProQuest (Firm)
Other Authors: Franceschini, Fiorenzo., Galetto, Maurizio.
Format: Electronic eBook
Language:English
Published: Bradford, England : Emerald Group Publishing, c2006.
Series:Benchmarking, an international journal ; 13, no. 4
Subjects:
Online Access:Click to View
LEADER 01288nam a2200337Ia 4500
001 EBC275465
003 MiAaPQ
005 20200520144314.0
006 m o d |
007 cr cn|||||||||
008 000815s2006 enk s 000 0 eng d
020 |z 1846630584 
035 |a (MiAaPQ)EBC275465 
035 |a (Au-PeEL)EBL275465 
035 |a (CaPaEBR)ebr10146681 
035 |a (CaONFJC)MIL70545 
035 |a (OCoLC)182530949 
040 |a MiAaPQ  |c MiAaPQ  |d MiAaPQ 
050 4 |a HD62.15  |b .B46 2006 
245 0 0 |a Benchmarking in total quality management  |h [electronic resource] /  |c guest editors: Professor Fiorenzo Franceschini and Dr. Maurizio Galetto. 
260 |a Bradford, England :  |b Emerald Group Publishing,  |c c2006. 
300 |a 157 p. 
490 0 |a Benchmarking, an international journal ;  |v 13, no. 4 
533 |a Electronic reproduction. Ann Arbor, MI : ProQuest, 2015. Available via World Wide Web. Access may be limited to ProQuest affiliated libraries. 
650 0 |a Benchmarking (Management) 
650 0 |a Organizational behavior. 
655 4 |a Electronic books. 
700 1 |a Franceschini, Fiorenzo. 
700 1 |a Galetto, Maurizio. 
710 2 |a ProQuest (Firm) 
856 4 0 |u https://ebookcentral.proquest.com/lib/matrademy/detail.action?docID=275465  |z Click to View